Vigotski e o "aprender a aprender" (Record no. 63956)

MARC details
000 -LÍDER
campo de controle de tamanho fixo 00394 a2200157 4500
001 - NÚMERO DE CONTROLE
campo de controle 63956
020 ## - ISBN - INTERNATIONAL STANDARD BOOK NUMBER
ISBN - International Standard Book Number 8585701919 (broch.)
040 ## - FONTE DA CATALOGAÇÃO
Instituição que transcreveu o registro Anchieta - Pituba
100 ## - ENTRADA PRINCIPAL--NOME PESSOAL
Nome pessoal Duarte, Newton
240 10 - TÍTULO UNIFORME
Título uniforme Vigotski e o "aprender a aprender"
Idioma da obra por
245 10 - TÍTULO
Título Vigotski e o "aprender a aprender"
300 ## - DESCRIÇÃO FÍSICA
Extensão 296p.
362 0# - DATAS DE PUBLICAÇÃO E/OU DESIGNAÇÃO SEQUENCIAL
Datas de publicação e/ou designação sequencial 2000
650 #4 - ASSUNTO--TERMO TÓPICO
Cabeçalho tópico ou nome geográfico Psicologia educacional / Piaget
942 ## - ELEMENTOS DE ENTRADA ADICIONADOS (KOHA)
Tipo de material Koha Livros
Holdings
Situação do descarte Situação das perdas Situação física Não pode ser emprestado Biblioteca de origem Biblioteca atual Data de aquisição Total de empréstimos Número de chamada completo Código de barras Data de último acesso Data do preço efetivo Tipo de material Koha
        Colégio Anchieta - Pituba Colégio Anchieta - Pituba 21/11/2023   370.15 D812v DUA VIG 17560/PIT 21/11/2023 21/11/2023 Livros